| 000 | 00769cam a2200229 a 4500 | ||
|---|---|---|---|
| 001 | 000015268 | ||
| 005 | 20250225110539.0 | ||
| 008 | 830808s1942 ag 000 0 spa d | ||
| 040 |
_aDO-SdBNP _bspa _cLC _dBNPHU |
||
| 041 | 1 | 7 |
_aspa _heng _2Código de idioma MARC |
| 082 |
_a570 _bH986h |
||
| 100 | 1 |
_aHuxley, Julian, _d1887-1975. _934543 |
|
| 240 | 0 |
_aMan stands alone. _lEspañol |
|
| 245 | 1 | 3 |
_aEl hombre está solo / _cJulian Huxley ; traducción C. A. Jordana. |
| 260 |
_aBuenos Aires : _bSudamericana, _c[1942]. |
||
| 300 |
_a322 p. ; _c21 cm. |
||
| 534 |
_aTítulo del original inglés : _tMan stands alone |
||
| 650 | 0 |
_aBiología _927259 |
|
| 700 | 1 |
_aJordana, Cesar-August, _d1893-1960, _etr. _934544 |
|
| 910 | _aCatalogación por copia / LC | ||
| 049 | _aBNGR | ||
| 999 |
_c14834 _d14834 |
||